000 00638nam a2200229Ia 4500
003 OSt
005 20221007065329.0
006 a|||||r|||| 00| 0
007 ta
008 221006b |||||||| |||| 00| 0 eng d
024 _a6,606
037 _cTextual
040 _aFLL
_cFLL
_beng
041 _2eng
_aeng
082 _aV2:20j3(Q):9Z, L3
100 _aGhouse Mohammad Au.
245 0 _aSecularishm society and law in india
260 _aDelhi
_bVikas publishing house pvt. ltd. India
_c1979
300 _a254p
_ccm.
942 _hV2:20j3(Q):9Z, L3
_cTEXL
_2CC
999 _c1136999
_d1136999